00710nam a2200169 a 45000010005000000030009000050080041000140200015000550400028000700820015000981100034001132450081001472600034002283000011002625050227002736500040005008035CO-ViMGA141112s2004 ck r 000 u spa d a9589649475 aCO-ViMGAbspacCO-ViMGA04a665.3 C656 aMinisterio del Medio Ambiente10aGuía ambiental para el subsector de la agroindustria de la palma de aceite aBogotá, cFedepalma, c2002 a136.p. aDesarrollo sostenible Marco jurídico general Planeación y gestión ambiental Descripción de procesos Impacto ambiental y medidas de manejo Evaluación, monitoreo y seguimiento Trámites ante la autoridad ambiental14aACEITE DE PALMA - ASPECTO AMBIENTAL